Thực hành máy tính dành cho người bận rộn : Trao đổi E-mail và tìm tin nhanh trên Internet

Sparad:
Bibliografiska uppgifter
Huvudupphovsman: Nguyễn Văn Hòa
Materialtyp: Bok
Språk:Undetermined
Publicerad: H. Thống Kê 2003
Ämnen:
Taggar: Lägg till en tagg
Inga taggar, Lägg till första taggen!
Thư viện lưu trữ: Trung tâm Học liệu Trường Đại học Cần Thơ
LEADER 00614nam a2200193Ia 4500
001 CTU_58321
008 210402s9999 xx 000 0 und d
020 |b 21000 
082 |a 004.69 
082 |b H401 
100 |a Nguyễn Văn Hòa 
245 0 |a Thực hành máy tính dành cho người bận rộn : Trao đổi E-mail và tìm tin nhanh trên Internet 
245 0 |c Nguyễn Văn Hòa 
260 |a H. 
260 |b Thống Kê 
260 |c 2003 
650 |a internet,electronic mail messages 
904 |i Minh 
980 |a Trung tâm Học liệu Trường Đại học Cần Thơ